LEADER 01276nam a2200253 u 4500 001 000000136075 003 CaOOAMICUS 005 20131031182056.0 008 131031s2013 it u000 u ita u 040 $aPUL$bita 100 1 $aPrikulis, Antons.$0(OLS)http://pul/name/87584 245 13$aLe relazioni diplomatiche della Santa Sede con la Lettonia dal 1920 al 1940 e la loro ripresa nel 1991/$cAntons Prikulis. 260 $aRoma :$bPontificia Università Lateranense,$c2013. 300 $a148 p.$c24 cm 502 $aEstratto da tesi di Dottorato in diritto canonico -- Pontificia Università Lateranense, 2013. 504 $aBbibliografia: p.[121]-146. 610 14$aSanta Sede$xRelazioni diplomatiche$ySec. XX.$0(OLS)http://pul/subject/33959 710 2 $aPontificia Università Lateranense.$bFacoltà di diritto canonico.$kTesi.$0(OLS)http://pul/name/81682 850 $aPUL 852 $aPUL$W1$xDP1 Tesi Pon Univ. Lateranense$y41$m2013 C 15$j156853$qTesi$B156245$CPULBib$Z2$F156245 $82 941 1 $a16 996 $6245$aLe relazioni diplomatiche della Santa Sede con la Lettonia dal 1920 al 1940 e la loro ripresa nel 1991/$9(OLS)http://pul/title/172076 996 $6260$aRoma :$bPontificia Università Lateranense$9(OLS)http://pul/publisher/47963 LEADER 01066nam a2200265 u 4500 001 000000090923 003 CaOOAMICUS 005 20080717134543.0 008 051018s2004 enk u000 u eng u 020 $a0-7456-2687-4 035 $a11073861 040 $aPUL$bita 100 1 $aMcInerny, Ralph $b1929-2010.$0(OLS)http://pul/name/38372 245 10$aAquinas /$cRalph McInerny. 260 $aCambridge, UK ; Malden, MA :$bPolity press,$cc2004. 300 $avii, 160 p. ;$c24 cm 504 $aInclude indice e riferimenti bibliografici. 600 04$aThomas Aquinas,$cs.,$dc. 1225-1274.$0(OLS)http://pul/subject/448 850 $aPUL 852 $aPUL$W1$xSL Filosofia 3$y81$m189 MCIRA 1$j114645$nBK-PRI$b $qDDC 21$B114645$CPULBib$Z2$F114645 $HPUL99603 $81 941 1 $a9 960 $aTommaso d'Aquino,$cs.,$d1225-1274$9448 996 $6020$a0-7456-2687-4$9(OLS)http://pul/number/119142 996 $6245$aAquinas$9(OLS)http://pul/title/117400 996 $6260$aCambridge, UK ; Malden, MA :$bPolity press$9(OLS)http://pul/publisher/78639